Physically handicapped persons in Uttar Pradesh, 1960-61 (provisional), (Record no. 77797)

MARC details
000 -LEADER
fixed length control field 00780cam a22002291 4500
001 - CONTROL NUMBER
control field sa 68001208
003 - CONTROL NUMBER IDENTIFIER
control field DLC
005 - DATE AND TIME OF LATEST TRANSACTION
control field 20260227112431.0
008 - FIXED-LENGTH DATA ELEMENTS--GENERAL INFORMATION
fixed length control field 710903s1963 ii s 000 0 eng
010 ## - LIBRARY OF CONGRESS CONTROL NUMBER
LC control number sa 68001208
040 ## - CATALOGING SOURCE
Original cataloging agency DLC
Transcribing agency DLC
Modifying agency DLC
043 ## - GEOGRAPHIC AREA CODE
Geographic area code a-ii---
050 00 - LIBRARY OF CONGRESS CALL NUMBER
Classification number HC437.U6
Item number A35 no. 68
110 1# - MAIN ENTRY--CORPORATE NAME
Corporate name or jurisdiction name as entry element Uttar Pradesh (India).
Subordinate unit Department of Economics and Statistics.
245 10 - TITLE STATEMENT
Title Physically handicapped persons in Uttar Pradesh, 1960-61 (provisional),
Statement of responsibility, etc. by J. K. Pande, Director of Economic Intelligence and Statistics.
260 ## - PUBLICATION, DISTRIBUTION, ETC.
Place of publication, distribution, etc. Lucknow
Date of publication, distribution, etc. [1963]
300 ## - PHYSICAL DESCRIPTION
Extent ii, 21 p.
Dimensions 25 cm.
410 11 - SERIES STATEMENT/ADDED ENTRY--CORPORATE NAME [OBSOLETE, CAN/MARC], [LOCAL, USA]
Corporate name or jurisdiction name as entry element Its
Title of a work Bulletin
Volume number/sequential designation no. 68
500 ## - GENERAL NOTE
General note Cover title.
650 #0 - SUBJECT ADDED ENTRY--TOPICAL TERM
Topical term or geographic name entry element People with disabilities
Geographic subdivision India
-- Uttar Pradesh
Form subdivision Statistics.
700 1# - ADDED ENTRY--PERSONAL NAME
Personal name Pande, Jugal Kishore.

No items available.

Powered by Koha